000 01085nam0a2200313 4500
001 RU\NLR\BIBL_A\012145235
005 20191204143739.0
010 _a978-5-17-105392-5
_92000
021 _aRU
_bКН-П-19-080009
_9КН-П-19-5802
035 _a(NLR Aleph) 012145235
035 _a(RuMoRGB)010130892
090 _a12118325
_c12118325
100 _a20191122d2019 u y0rusy50 ca
101 1 _arus
_ceng
102 _aRU
105 _a |||z|||000 y
200 1 _aЧеловек теней
_e[роман]
_fДжефф Нун
_g[перевод с английского С.В. Степанца]
210 _aМосква
_cАСТ
_d2019
215 _a318, [1] с.
_cил.
_d21
225 1 _aСерия "Чак Паланик и его бойцовский клуб"
333 _a18+
686 1 _aШ6(4Вл)67-445{Лх1299-62}
700 1 _7ca
_8rus
_aНун
_bД.
_f1957-
_gДжефф
_9216749
_3RU\NLR\AUTH\770216805
942 _cBOOK
980 _aNBR
980 _aNB